Statistics for Top 50 Kanye West Songs

Click here to take the quiz!

General Stats

  • This quiz has been taken 2,814 times
  • The average score is 23 of 50

Answer Stats

#AlbumSong% Correct
6808s & HeartbreakHeartless
80%
7GraduationStronger
80%
1My Beautiful Dark Twisted FantasyPower
79%
44YeezusBound 2
72%
2The College DropoutJesus Walks
70%
4GraduationFlashing Lights
69%
14My Beautiful Dark Twisted FantasyDevil In A New Dress
68%
19The College DropoutAll Falls Down
62%
17GraduationGood Morning
62%
21GraduationI Wonder
61%
11The College DropoutThrough The Wire
61%
38YeezusBlack Skinhead
60%
8My Beautiful Dark Twisted FantasyDark Fantasy
58%
5My Beautiful Dark Twisted FantasyGorgeous
56%
3GraduationCan't Tell Me Nothing
54%
26GraduationChampion
51%
34The Life of PabloFather Stretch My Hands Pt. 1
51%
9YeezusNew Slaves
51%
12Late RegistrationTouch The Sky
50%
13YeezusBlood On The Leaves
49%
40The Life of PabloFamous
49%
16Late RegistrationHey Mama
44%
24My Beautiful Dark Twisted FantasyBlame Game
42%
15808s & HeartbreakLove Lockdown
42%
29My Beautiful Dark Twisted FantasySo Appalled
39%
46GraduationBig Brother
38%
10Late RegistrationDiamonds From Sierra Leone
38%
33GraduationEverything I Am
38%
30My Beautiful Dark Twisted FantasyHell Of A Life
37%
45YeezusHold My Liquor
37%
43The Life of PabloWolves
37%
20808s & HeartbreakAmazing
36%
18Late RegistrationHeard 'Em Say
36%
28The College DropoutSpaceship
36%
50808s & HeartbreakStreet Lights
36%
22The College DropoutFamily Business
35%
37YeezusI Am A God
35%
23The College DropoutWe Don't Care
35%
35808s & HeartbreakWelcome To Heartbreak
35%
41Late RegistrationWe Major
35%
32The College DropoutLast Call
32%
47808s & HeartbreakColdest Winter
31%
39Cruel SummerMercy
31%
25GraduationThe Glory
30%
36The Life of PabloFML
28%
42Late RegistrationLate
28%
27Late RegistrationGone
27%
48The Life of Pablo30 Hours
25%
31(Single)Only One
17%
49Cruel WinterChampions
8%

Score Distribution

Percentile by Number Answered

Percent of People with Each Score

Your Score History

You have not taken this quiz